La víctima y el querellante en la reforma procesal penal /

La recepción del sistema procesal penal acusatorio en Chile supone un tratamiento diverso para los sujetos procesales que intervienen en él. Por supuesto, ha dejado considerarse al imputado como un objeto de persecución penal para reconocerse su calidad de sujeto rodeado de derechos fundamentales qu...

Descripción completa

Detalles Bibliográficos
Autor principal: Castro Jofré, Javier
Formato: Analitica de revista
Lenguaje:español
Materias:

MARC

LEADER 00000cab a2200000 a 4500
001 041637
003 UAHC_CL
005 20170803124610.0
008 050805b xx j 000 1 spa
040 |a UAHC_CL  |c UAHC_CL  |d UAHC_CL 
100 1 |a Castro Jofré, Javier 
245 1 3 |a La víctima y el querellante en la reforma procesal penal /  |c Javier Castro Jofré. 
500 |a En: Revista de derecho de la Pontificia Universidad Católica de Valparaíso, n˚25, p.127-141. ISSN 0716-1883 
500 |a En: Revista de derecho de la Pontificia Universidad Católica de Valparaíso, n°25, p.127-141. ISSN 0716-1883 
500 |a En: Revista de derecho de la Pontificia Universidad CatÛlica de ValparaÌso, nç25, p.127-141. ISSN 0716-1883 
520 |a La recepción del sistema procesal penal acusatorio en Chile supone un tratamiento diverso para los sujetos procesales que intervienen en él. Por supuesto, ha dejado considerarse al imputado como un objeto de persecución penal para reconocerse su calidad de sujeto rodeado de derechos fundamentales que deben respetarse. Se afirma, y así suele oírse en el discurso político, que también mejoró el tratamiento de la víctima. Sin embargo, tal cuestión no es muy clara. En consecuencia, parece necesario consultar los derechos que se le reconocen a nivel legal, para tener una dimensión aproximada sobre aquel cambio de tratamiento que se viene afirmando políticamente y se hace necesario también, por lo mismo, analizar algunos aspectos de la figura del querellante como sujeto procesal. 
520 |a La recepción del sistema procesal penal acusatorio en Chile supone un tratamiento diverso para los sujetos procesales que intervienen en él. Por supuesto, ha dejado considerarse al imputado como un objeto de persecución penal para reconocerse su calidad de sujeto rodeado de derechos fundamentales que deben respetarse. Se afirma, y así suele oírse en el discurso político, que también mejoró el tratamiento de la víctima. Sin embargo, tal cuestión no es muy clara. En consecuencia, parece necesario consultar los derechos que se le reconocen a nivel legal, para tener una dimensión aproximada sobre aquel cambio de tratamiento que se viene afirmando políticamente y se hace necesario también, por lo mismo, analizar algunos aspectos de la figura del querellante como sujeto procesal. 
650 4 |a QUERELLANTE 
650 4 |a DERECHO PROCESAL 
653 |a DERECHO 
759 |a PP131 
773 0 |t Revista de derechos del niño  |w 040303 
900 |a REVISTA DE DERECHO-25/04 
942 |c REVA 
952 |0 0  |1 0  |4 0  |6 REVISTA_DE_DERECHO25_04_000000000000000  |7 0  |8 General  |9 78022  |a BC  |b BC  |c General  |d 2017-08-03  |l 0  |o REVISTA DE DERECHO-25/04  |p FICTICIO7092  |r 2019-01-08 00:00:00  |t 1  |w 2017-08-03  |y REVA 
999 |c 41637  |d 41637